Probability, Random Variables, and Random Signal Principles / (Record no. 540515)

000 -LEADER
fixed length control field 01400cam a22003614a 4500
001 - CONTROL NUMBER
control field 11996320
003 - CONTROL NUMBER IDENTIFIER
control field NUST
005 - DATE AND TIME OF LATEST TRANSACTION
control field 20210920161421.0
008 - FIXED-LENGTH DATA ELEMENTS--GENERAL INFORMATION
fixed length control field 000504s2001 mau b 001 0 eng
010 ## - LIBRARY OF CONGRESS CONTROL NUMBER
LC control number 00034881
020 ## - INTERNATIONAL STANDARD BOOK NUMBER
International Standard Book Number 9780070474281
038 ## - RECORD CONTENT LICENSOR
Staff Name khadija
040 ## - CATALOGING SOURCE
Original cataloging agency DLC
Transcribing agency DLC
Modifying agency DLC
042 ## - AUTHENTICATION CODE
Authentication code pcc
050 00 - LIBRARY OF CONGRESS CALL NUMBER
Classification number TA340
Item number .P43 2001
082 00 - DEWEY DECIMAL CLASSIFICATION NUMBER
Classification number 519.2
Edition number 21
Author Mark PEE
100 1# - MAIN ENTRY--PERSONAL NAME
Personal name Peebles. Jr, Peyton Z.
9 (RLIN) 34579
245 10 - TITLE STATEMENT
Title Probability, Random Variables, and Random Signal Principles /
250 ## - EDITION STATEMENT
Edition statement 4th ed.
260 ## - PUBLICATION, DISTRIBUTION, ETC.
Place of publication, distribution, etc. Chennai. :
Name of publisher, distributor, etc. McGraw Hill,
Date of publication, distribution, etc. 2017.
300 ## - PHYSICAL DESCRIPTION
Extent xviii, 462 p. ;
Dimensions 25 cm.
440 #0 - SERIES STATEMENT/ADDED ENTRY--TITLE
Title McGraw-Hill series in electrical and computer engineering
9 (RLIN) 34577
504 ## - BIBLIOGRAPHY, ETC. NOTE
Bibliography, etc. note Includes bibliographical references and index.
563 ## - BINDING INFORMATION
Binding note paperback
650 #0 - SUBJECT ADDED ENTRY--TOPICAL TERM
Topical term or geographic name entry element Probabilities.
9 (RLIN) 79
650 #0 - SUBJECT ADDED ENTRY--TOPICAL TERM
Topical term or geographic name entry element Random variables.
9 (RLIN) 25882
650 #0 - SUBJECT ADDED ENTRY--TOPICAL TERM
Topical term or geographic name entry element Signal theory (Telecommunication)
9 (RLIN) 34578
856 42 - ELECTRONIC LOCATION AND ACCESS
Materials specified Publisher description
Uniform Resource Identifier <a href="http://www.loc.gov/catdir/description/mh021/00034881.html">http://www.loc.gov/catdir/description/mh021/00034881.html</a>
856 41 - ELECTRONIC LOCATION AND ACCESS
Materials specified Table of contents
Uniform Resource Identifier <a href="http://www.loc.gov/catdir/toc/mh021/00034881.html">http://www.loc.gov/catdir/toc/mh021/00034881.html</a>
906 ## - LOCAL DATA ELEMENT F, LDF (RLIN)
a 7
b cbc
c orignew
d 1
e ocip
f 20
g y-gencatlg
942 ## - ADDED ENTRY ELEMENTS (KOHA)
Source of classification or shelving scheme
Koha item type Book
Holdings
Withdrawn status Lost status Source of classification or shelving scheme Damaged status Not for loan Permanent Location Current Location Shelving location Date acquired Full call number Barcode Date last seen Price effective from Koha item type Public note
          School of Mechanical & Manufacturing Engineering (SMME) School of Mechanical & Manufacturing Engineering (SMME) General Stacks 10/27/2020 519.2 PEE SMME-3563 10/27/2020 10/27/2020 Book Rack,47-Shelf,4
© 2023 Central Library, National University of Sciences and Technology. All Rights Reserved.